Library of the University of Algiers 3
Ibrahim Sultan Cheibout
شعار جامعة الجزائر 3
مكتبة جامعة الجزائر 3
إبراهيم سلطان شيبوط

الأصول والأعراف الموحدة للإعتمادات المستندية / (رقم التسجيلة. 44145)

تفاصيل مارك
000 -LEADER
fixed length control field 02023nam a2200205Ia 4500
003 - CONTROL NUMBER IDENTIFIER
control field Ost
005 - DATE AND TIME OF LATEST TRANSACTION
control field 20260507075352.0
008 - FIXED-LENGTH DATA ELEMENTS--GENERAL INFORMATION
fixed length control field 260507s9999||||xx |||||||||||||| ||und||
020 ## - INTERNATIONAL STANDARD BOOK NUMBER
International Standard Book Number 90653599579
040 ## - CATALOGING SOURCE
Transcribing agency fsecg
041 ## - LANGUAGE CODE
Language code of text/sound track or separate title ara
082 ## - DEWEY DECIMAL CLASSIFICATION NUMBER
Classification number 330
100 ## - MAIN ENTRY--PERSONAL NAME
Personal name عبد النبي، جمال يوسف
Relator term مؤلف
245 #0 - TITLE STATEMENT
Title الأصول والأعراف الموحدة للإعتمادات المستندية /
Statement of responsibility, etc. جمال يوسف عبد النبي
260 ## - PUBLICATION, DISTRIBUTION, ETC.
Place of publication, distribution, etc. عمان:
Name of publisher, distributor, etc. مركز الكتاب الأكاديمي,
Date of publication, distribution, etc. 2013
300 ## - PHYSICAL DESCRIPTION
Extent 240 صفحة؛
Other physical details إيضاحات ؛
Dimensions 24 سم
520 ## - SUMMARY, ETC.
Summary, etc. تعريف الإعتماد المستندي- أطراف الإعتماد المستندي- دور ومسؤولية الأطراف- أنواع الإعتماد المستندي- عناصر الإعتماد المستندي- الشروط الواجب توافرها عند فتح الإعتماد المستندي- بيانات طلب فتح الإعتماد المستندي- مراحل فتح الإعتماد وفوائده- إجراءات فتح الإعتمادات المستندية في حالات الإستيراد- التفويض بالتغطية مقابل الإعتمادات المستندية- المستندات المطلوبة في العملية التجارية- بوالص الإعتمادات المستندية الواردة- إجراءات تسديد وتسليم بوالص الإعتمادات المستندية الواردة- طرق التسليم في التجارة الخارجية- أهم الخلافات الشائعة في المستندات المقدمة على الإعتماد- التخليص على البضائع قبل وصول المستندات- البوند والمنطقة الحرة- إلغاء الإعتماد المستندي- تعديل الإعتماد المستندي- الأصول والأعراف الموحدة للإعتمادات المستندية- نصائح وإرشادات
653 ## - INDEX TERM--UNCONTROLLED
Uncontrolled term الإعتمادات المستندية
942 ## - ADDED ENTRY ELEMENTS (KOHA)
Koha item type كتب
المقتنيات
Withdrawn status Lost status Source of classification or shelving scheme Damaged status Not for loan Home library Current library Date acquired Serial enumeration / chronology Inventory number Total checkouts Full call number Barcode Date last seen Price effective from Koha item type
    Dewey Decimal Classification   NOT LOAN / إعارة داخلية مكتبة كلية العلوم الإقتصادية والعلوم التجارية وعلوم التسيير مكتبة كلية العلوم الإقتصادية والعلوم التجارية وعلوم التسيير 07/05/2026 الطابق الأرضي 25034   أ/4202ن1 25034 07/05/2026 07/05/2026 كتب
    Dewey Decimal Classification   Available مكتبة كلية العلوم الإقتصادية والعلوم التجارية وعلوم التسيير مكتبة كلية العلوم الإقتصادية والعلوم التجارية وعلوم التسيير 07/05/2026 الطابق الأرضي 25035   أ/4202ن2 25035 07/05/2026 07/05/2026 كتب
    Dewey Decimal Classification   Available مكتبة كلية العلوم الإقتصادية والعلوم التجارية وعلوم التسيير مكتبة كلية العلوم الإقتصادية والعلوم التجارية وعلوم التسيير 07/05/2026 الطابق الثاني 25036   أ/4202ن3 25036 07/05/2026 07/05/2026 كتب

موارد الويب المفتوحة


© University of Algiers 3 All Rights Reserved
|
Implemented by LECHELAH Riad